00401nam a22001457a 4500003000400000008004100004082001700045100002100062245007000083260005600153300000900209502001500218650001300233650000900246OSt260505b |||||||| |||| 00| 0 eng d a633.18bJ46T aJha, Prem Narain aTime of Nitrogen Application for Late Maturing High Yielding Rice aPusa, SamastipurbRAU, Dept. of Agronomy, TCAc1979 a59P. bMsc.d1979 aAgronomy aMsc.